[Event "Tilburg Fontys"]
[Site "Tilburg"]
[Date "1998.10.25"]
[Round "3"]
[White "Kramnik, Vladimir"]
[Black "Lautier, Joel"]
[Result "1-0"]
[WhiteElo "2780"]
[BlackElo "2625"]
[Annotator "Tsesarsky,Ilya"]
[PlyCount "47"]
[EventDate "1998.10.23"]
[EventType "tourn"]
[EventRounds "11"]
[EventCountry "NED"]
[EventCategory "18"]
[SourceTitle "EXT 1999"]
[Source "ChessBase"]
[SourceDate "1998.11.16"]
[SourceVersion "1"]
[SourceVersionDate "1998.11.16"]
[SourceQuality "1"]

{[%mdl 8324]} 1. d4 {Tsesarsky,Ilya Tsesarsky,Ilya Ftacnik} d5 2. Nf3 c6 3. c4 e6 4. Qc2 dxc4 5. Qxc4 Nf6 6. Bg5 ({RR} 6. g3 Nbd7 ({RR} 6... a6 7. Bg2 Be7 8. Nc3 b5 9. Qb3 O-O 10. O-O Bb7 11. Rd1 Nbd7 12. Ne5 Rc8 13. a4 Qc7 14. Bf4 Qb6 15. a5 Qa7 16. Bh3 c5 17. Nxd7 Nxd7 18. d5 c4 19. Qc2 Bxd5 20. Nxd5 exd5 21. Rxd5) 7. Bg2 e5 8. dxe5 Nxe5 9. Nxe5 Qa5+ 10. Nc3 Qxe5 11. Bxc6+ Bd7 12. Bxb7 ({RR} 12. Bf4) 12... Rd8 13. Bf4 Qf5 14. Bc7 Bc5 15. O-O O-O 16. Bxd8) 6... Be7 ({RR} 6... h6 7. Bxf6 Qxf6 8. e4 Nd7 9. Nc3 a5 10. Be2 Qd8 11. O-O Be7 12. Rad1) ({RR} 6... b5 7. Qc2 Bb7 ({RR} 7... Be7 8. e4 O-O 9. Bd3) 8. Bxf6 ({RR} 8. Nbd2 Nbd7 9. e3 Rc8 10. a4 a6 11. Be2 c5 12. axb5 axb5 13. d5 exd5 14. Bxb5 Qb6 15. Ba4) ({RR} 8. e4 Nbd7 9. Nbd2 h6 10. Bxf6 Qxf6 11. e5 Qd8 12. Bd3 Qb6 13. a4 a6 14. O-O Be7 15. Be4) 8... gxf6 ({RR} 8... Qxf6 9. Nbd2 Nd7 10. e3 a6 11. a4 Bb4 12. Bd3) 9. e3 ({RR} 9. e4 Rg8 10. Nc3) 9... Nd7 10. Nbd2) ({RR} 6... Qb6 7. Nbd2 Qxb2 8. Rb1 Qa3 9. e4 b6 ({RR} 9... Be7 10. Qc2 O-O 11. Nc4) 10. Qc2 Ba6 ({RR} 10... Bb4 11. Bd3) 11. Bc4) 7. e3 ({RR} 7. Nc3) ({RR} 7. Nc3 b5 8. Qd3 a6 9. Rc1 Nbd7 10. e4 c5 11. dxc5 Nxc5 12. Qxd8+ Kxd8 13. Ne5 Ke8 14. Nc6 h6 15. Bd2 Ncxe4 16. Nxe4 Nxe4 17. Nxe7 Kxe7 18. Bb4+ Nd6 19. Be2 a5 20. Rc7+ Bd7 21. Bxb5 Rhd8 {Md Imran (2382)-Vandan Alankar Sawai (2167) Budapest HUN 2024 1-0 (71)}) ({RR} 7. Nbd2 b6 8. e4 Ba6 9. Qc2 Bxf1 10. Rxf1 ({RR} 10. Nxf1 O-O 11. Ng3 ({RR} 11. Rd1) ({RR} 11. N1d2) 11... c5 12. dxc5 bxc5 13. O-O Nfd7 ({RR} 13... Nc6 14. Rfd1 Nd7) 14. Bxe7 ({RR} 14. Bf4 Nc6 15. Rfd1) 14... Qxe7 15. e5) 10... h6 11. Bxf6 Bxf6 12. O-O-O O-O 13. Kb1 Qc8 ({RR} 13... Qc7 14. e5 Be7 15. Ne4 Na6) 14. e5 Be7 15. Ne4 Na6 16. Qd2 Rd8 ({RR} 16... c5 17. g4 ({RR} 17. d5 exd5 18. Qxd5 Qg4 19. Ng3 ({RR} 19. h3 Qg6 ({RR} 19... Qxg2 20. Nfg5 Qxf1 21. Rxf1)) 19... Nb4 20. Qe4 Qe6 21. a3 Qa2+ 22. Kc1 Rac8 ({RR} 22... Qa1+ 23. Qb1 Qxb1+ 24. Kxb1 Nc6 25. Rd7) 23. Nf5 Rfe8 24. Rd7 Nc6 25. Qg4 Bg5+ 26. Nxg5 Nxe5 ({RR} 26... Qa1+ 27. Kc2 Nd4+ 28. Kc3 Nb5+ 29. Kb3) 27. Qe4 hxg5) ({RR} 17. dxc5 Nxc5 18. Nxc5 ({RR} 18. Nd6 Qc6 19. Qf4 ({RR} 19. Rc1 Bxd6 20. exd6 Rfd8 21. Rfd1 Qe4+ 22. Ka1 Nb7) 19... f6 20. Rd2 fxe5 21. Qxe5 Rad8 22. Rfd1 Qa4 23. Qe1 Bxd6 24. Rxd6 Rxd6 25. Rxd6 Qg4) 18... Qxc5 19. Rc1 Qb5 20. Rfd1 Rac8) 17... cxd4 ({RR} 17... Qc6 18. Qe2 Qa4 19. g5 hxg5 20. Nfxg5 g6 21. Rg1 cxd4 22. Nxe6) 18. g5 Qc6 19. Qe2 Nc5 20. Rxd4 ({RR} 20. Nf6+ gxf6 21. gxf6 Bxf6 ({RR} 21... Bd8 22. Rg1+ Kh8 ({RR} 22... Kh7 23. Ng5+) 23. Qd2 Qe4+ 24. Ka1 Qh7 25. Rg7) 22. exf6 Qe4+ 23. Qxe4 Nxe4 24. Rg1+ Kh8 25. Rxd4 Nxf6) 20... Nxe4 21. Rxe4 Bxg5 22. Nxg5 hxg5 23. Rg1 Rac8 24. Reg4 g6 25. Rxg5 Qc4) 17. g4 c5 18. g5 h5 ({RR} 18... hxg5 19. Nfxg5 Rxd4 20. Qe2 Bxg5 21. Nxg5 g6 22. h4 ({RR} 22. Qf3 Qf8) 22... Rxh4 ({RR} 22... Nb4 23. h5 Qc6 24. hxg6 fxg6 25. a3 Rxd1+ 26. Rxd1 Nd5 27. Qe4 Qe8 28. Qh4) 23. Qf3 Qf8 24. Nxf7 Rb8 25. Rd7) 19. Nf6+ Kf8 ({RR} 19... Kh8 20. g6 ({RR} 20. Nxh5) 20... Bxf6 ({RR} 20... fxg6 21. Qg5 Bxf6 22. exf6 Qb7 23. Qxg6 gxf6 24. Qxf6+ Qg7 25. Qxe6 {RR} Nc7 26. Qe5) 21. exf6) ({RR} 19... gxf6 20. gxf6 Kf8 ({RR} 20... Bxf6 21. exf6) 21. Qh6+ Ke8 22. fxe7 Kxe7 23. Qf6+ Ke8 24. Rg1) 20. g6 fxg6 ({RR} 20... Qc6 21. Qf4 gxf6 ({RR} 21... fxg6 22. d5 exd5 23. Nxd5+ Ke8 24. Nxe7 Kxe7 ({RR} 24... Rxd1+ 25. Rxd1 Kxe7 26. Rd6) 25. Rd6) 22. exf6 Bxf6 23. Ne5) 21. Qf4 gxf6 {Topalov,V (2702)-Lautier,J (2632) Monte Carlo 2000 CBM 076 [Tsesarsky,Ilya] 1-0}) ({RR} 7. Nc3 O-O 8. e4 h6 9. Bh4 Qb6 10. Rb1) 7... O-O ({RR} 7... b6 8. Nc3 ({RR} 8. Qc2 Bb7 9. Nc3 ({RR} 9. Bd3 Nbd7 10. Nc3 h6 11. Bh4 O-O 12. O-O-O) 9... Nbd7 10. Rd1 Rc8 11. Be2 Nd5 12. Bxe7 Qxe7) 8... Ba6 9. Qa4 Bxf1 10. Rxf1 O-O 11. Bxf6 Bxf6 12. Ke2 ({RR} 12. O-O-O b5 13. Qc2 Na6 14. Kb1 Nb4 15. Qe2 Qa5 16. Nd2 Be7 17. f4 Nd5 18. Rc1) 12... c5 13. Rfd1 cxd4 14. Ne4 e5 15. exd4 exd4 16. Nxf6+ Qxf6 17. Qxd4) ({RR} 7... Nbd7 8. Bd3 Qa5+ 9. Nbd2 O-O 10. O-O e5 11. Nb3 Qc7 12. Qc2 h6 13. Bh4 exd4 14. Nbxd4 Nd5 15. Bxe7 Nxe7 16. b4 Nf6) 8. Bd3 (8. Be2 {Ftacnik} Qa5+ 9. Nc3 Nbd7 10. O-O e5 11. Ne4 $5 ({RR} 11. Bxf6 Bxf6 12. Ne4 exd4 ({RR} 12... Be7 13. Rfd1 Nb6 14. Qc2 f5 15. Ned2 e4 16. Nc4 Qb4 17. Nxb6 ({RR} 17. a3 Qa4 18. b3 Qb5 19. Nxb6 Qxb6 20. Bc4+ Kh8 21. Ne5 Qc7 22. Nf7+ Kg8 23. Ne5+)) 13. Nxd4 ({RR} 13. Nxf6+ Nxf6 14. Nxd4 Qb6 15. Qc2 Re8 16. Rfd1 Bg4) 13... Be5 14. Rfd1) ({RR} 11. Rfd1 exd4 12. Qxd4 Rd8 13. Rac1 ({RR} 13. e4 Nc5 14. b4 ({RR} 14. Qe3 Ne6 15. Rxd8+ Bxd8 16. Rd1 Bb6 17. Qd2 Nxg5 18. Nxg5 Bg4) ({RR} 14. Qe5 Be6 15. Nd4 Bd6 ({RR} 15... Nfd7 16. Qg3 Bxg5 17. Qxg5 Qb6 18. Rd2 h6 19. Qh4 Ne5 20. Rad1 Ng6 21. Qg3 Bxa2 22. Bh5 ({RR} 22. Nxa2 Nxe4 23. Qe3 Nxd2 24. Rxd2 c5 25. Nf3 ({RR} 25. Nb5 Rxd2 26. Qxd2 Rd8 27. Qc2 Nf4 28. Bf1 a6 29. Nbc3 Qe6 ({RR} 29... Qd6 30. Ne4 Qg6 ({RR} 30... Qd1 31. Qxd1 Rxd1 32. Nac3) 31. f3))) 22... Kh7 23. e5 ({RR} 23. b4 Nb3) ({RR} 23. Nxa2 Nxe4 24. Bxg6+ fxg6 25. Qf4 Nxd2 26. Rxd2 c5 27. Nf3 Qxb2) 23... Bc4) 16. Nxc6 Qc7 ({RR} 16... Bxe5 17. Nxa5 Rxd1+ 18. Nxd1 Nfxe4 19. Be3) 17. Rxd6 Rxd6 18. Nb5 Qxc6 19. Nxd6 Nfxe4 20. Nxe4 Qxe4 21. Qxe4 Nxe4 22. Be3) 14... Rxd4 15. bxa5 Rxd1+ 16. Rxd1 h6 17. Bxf6 Bxf6 18. e5 Be7 19. Nd4 Ne6 20. Nxe6 Bxe6 21. Rb1 Rb8 22. Bf3 Bg5) 13... Nc5 14. Qh4 Be6 15. Nd4 ({RR} 15. b4 Rxd1+ 16. Rxd1 Qa3 17. bxc5 Qxc3 18. Bd3 h6 19. Bxf6 Bxf6 20. Qe4 g6) 15... h6 16. Nxe6 Nxe6 17. Bxf6 Bxf6) 11... exd4 ({RR} 11... Nxe4 12. Bxe7 Re8 13. Bb4 Qb6 14. Rad1) 12. Qxd4 Qb6 13. Rfd1 Re8 ({RR} 13... h6 14. Bh4 c5 15. Qd3 Rd8 16. Qc2 g5 17. Bxg5 hxg5 18. Nexg5 Rf8 19. Bc4 Kg7 20. Bxf7 Rxf7 21. Rxd7 Bxd7 22. Ne5 Be6 ({RR} 22... Kf8 23. Ngxf7 ({RR} 23. Qg6 Rg7 24. Nxd7+ Kg8 ({RR} 24... Nxd7 25. Ne6+) 25. Qxg7+ ({RR} 25. Nxb6 Rxg6 26. Nxa8 Rxg5) 25... Kxg7 26. Nxb6 axb6) 23... Qe6 24. Qg6 Ng4 ({RR} 24... Ba4 25. b3 Bb5 26. Rd1) 25. Nxd7+ Qxd7 26. Ng5 Bxg5 27. Qxg5 Re8 28. Qxc5+) 23. Qg6+ Kf8 24. Nexf7) 14. Rac1 ({RR} 14. Qxb6 axb6 15. Nd6 Bxd6 16. Rxd6 Ne4 17. Rdd1 Nxg5 18. Nxg5 Ne5) 14... h6 15. Bh4 Qxd4 ({RR} 15... Nxe4 16. Qxe4 Qxb2 17. Bd3 ({RR} 17. Bxe7 Qxe2) ({RR} 17. Rc2 Qb4) 17... Kf8 18. Bxe7+ Rxe7 19. Qh7) 16. Rxd4 Nxe4 17. Rxe4 Kf8 (17... g5 18. Bg3 Nf6 19. Rd4 Be6 20. a3 Rad8 $11) ({RR} 17... g5 18. Bg3 Nf6 19. Rd4 Be6 20. a3 Rad8) 18. a3 Nf6 19. Re5 g5 20. Bg3 Nh5 {½-½ Ivanchuk,V-Anand,V/Las Palmas 1996/ (29)}) ({RR} 8. Be2 Qa5+ 9. Nc3 Nbd7 10. O-O e5 11. Ne4 exd4 12. Qxd4 Qb6 13. Rfd1 Re8 14. Rac1 h6 15. Bh4 Qxd4 16. Rxd4 Nxe4 17. Rxe4 Kf8 18. a3 Nf6 19. Re5 g5 20. Bg3 Nh5 21. Nd4 Nxg3 22. hxg3 Rd8 {Ivanchuk,V (2730)-Anand,V (2735) Las Palmas 1996 CBM 057 [Tsesarsky,Ilya] ½-½}) ({RR} 8. Be2 Qa5+ 9. Nc3 Nbd7 10. O-O e5 11. Ne4 exd4 12. Qxd4 Qb6) 8... h6 (8... Qa5+ $5 {Ftacnik} 9. Nc3 Nbd7 10. O-O e5 $132) ({RR} 8... Na6 9. O-O c5 10. dxc5 Nxc5 11. Bxf6 gxf6 12. Bc2 f5 13. Rd1 Qc7 14. Nc3 a5 15. e4 fxe4 16. Nxe4 b5 17. Qe2) ({RR} 8... Nbd7 9. O-O h6 10. Bh4) 9. Bxf6 $146 (9. Bh4 $5 $14) ({RR} 9. Bh4 b5 10. Qc2 Bb7 11. O-O Nbd7 12. Rd1 a6 13. a4 Qb6 14. Nc3 Rfc8 15. Ne5 Nxe5 16. dxe5 Nd5 17. Bxe7 Nxe7 18. Ne4 Ng6 19. Nd6 Nxe5 20. Nxc8 Rxc8 21. h3 c5 22. Bh7+ Kh8 23. Be4 c4 {Margvelashvili,G (2530)-Degraeve,R (2210) Chess.com INT 2018 1-0 (45)}) ({RR} 9. Bh4) 9... Bxf6 10. Nc3 Nd7 (10... b6 {Ftacnik} 11. Qa4 Bb7 12. Rd1 $14) 11. Rd1 Qe7 (11... Qb6 12. Rd2 e5 (12... c5 13. Na4 $16) (12... Rd8 13. O-O Be7 14. Rc1 $14) 13. dxe5 Nxe5 14. Nxe5 Bxe5 15. Qe4 Re8 16. Qh7+ Kf8 17. O-O $16) (11... Qa5 12. O-O Rd8 13. b4 Qh5 14. Ne4 Be7 $14) ({RR} 11... Qa5 12. O-O Rd8 13. b4 Qh5 14. Ne4 Be7) 12. Bb1 e5 (12... g6 13. O-O Bg7 $11) ({RR} 12... g6 13. O-O Bg7) 13. O-O (13. d5 $1 Qc5 14. Qe4 (14. Qd3 g6 15. O-O cxd5 16. Nxd5 Bg7 17. Rc1 Qd6 18. Rfd1 Nb6 19. Nc7 Qxd3 20. Bxd3 Rb8 $11) 14... g6 15. dxc6 (15. d6 Rd8 16. O-O Nf8 17. Qc2 Bf5 18. Ne4 Qxc2 19. Bxc2 Bg7 20. Nfd2 Be6 21. Bb3 Rd7 22. Nc5 Rxd6 23. Nxb7 $14) 15... bxc6 16. O-O Rd8 17. Rd2 $14) ({RR} 13. d5) 13... exd4 (13... Rd8 $2 {Ftacnik} 14. dxe5 Nxe5 15. Rxd8+ Qxd8 16. Nxe5 Bxe5 17. Qe4 Qf6 18. f4 Bd6 19. Qh7+ Kf8 20. Ne4 $18) 14. exd4 Nb6 15. Qd3 g6 16. Rfe1 Qb4 17. Qd2 Nc4 $4 $18 (17... Bg7 18. a3 (18. Ne5 Re8 (18... Be6 19. Nxg6 fxg6 20. Rxe6 Nc4 21. Qc2 Nxb2 22. Rxg6 Rf7 23. a3 $1 Qxa3 24. Re1 $18) 19. a3 Qd6 (19... Qa5 $2 20. Nxg6 $1 Rxe1+ 21. Qxe1 Bg4 22. f3 fxg6 23. fxg4 $18) (19... Qf8 20. Ba2 Bxe5 21. dxe5 Be6 22. Bxe6 Rxe6 23. Ne4 Nd5 24. f4 $14) 20. Ne4 Qd8 21. Nc5 (21. Qf4 Be6 22. Nc5 Nd5 23. Qf3 Qc8 $132) 21... Nd5 22. Ba2 Rb8 $132) ({RR} 18. Ne5) 18... Qd6 19. Ne4 Qc7 $132 {'' Ftacnik.}) ({RR} 17... Bg7 18. a3 Qd6 19. Ne4 Qc7) 18. Qxh6 Nxb2 (18... Bg7 19. Qh4 Nxb2 20. Ng5 Rd8 21. Nxf7 $1 $18 {'!' Ftacnik.} (21. Nxf7 $1 {Ftacnik} Rxd4 22. Rxd4 Bxd4 23. Ng5 $18)) ({RR} 18... Bg7 19. Qh4 Nxb2 20. Ng5 Rd8 21. Nxf7) 19. Bxg6 $1 {[%mdl 512]} fxg6 (19... Rd8 {Ftacnik} 20. Qh7+ Kf8 21. Qxf7#) 20. Ng5 $3 {I think, this very strong move was missed by Lautier.} (20. Qxg6+ $2 Bg7 21. Ng5 Bf5 $19) ({RR} 20. Qxg6+ Bg7 21. Ng5 Bf5) 20... Bxg5 (20... Rf7 {Ftacnik} 21. Re8+ $18) 21. Qxg6+ Kh8 22. Qh5+ $1 Kg7 23. Qxg5+ Kf7 (23... Kh7 {Ftacnik} 24. Re4 $18) 24. Re3 {'!' Ftacnik.} (24. Re3 Nxd1 25. Qf4+ Kg6 26. Rg3+ $18 (26. Rg3+ {Ftacnik} Bg4 27. Rxg4+ Kh7 28. Qc7+ (28. Qg5 Nxc3 29. Rh4#) 28... Kh6 29. Qg7+ Kh5 30. Qg5#)) 1-0

[Event "FIDE-Wch k.o."]
[Site "New Delhi/Teheran"]
[Date "2000.12.02"]
[Round "2.5"]
[White "Dreev, Alexey"]
[Black "Malakhov, Vladimir"]
[Result "1-0"]
[WhiteElo "2676"]
[BlackElo "2605"]
[Annotator "Tsesarsky,Ilya"]
[PlyCount "119"]
[EventDate "2000.11.27"]
[EventType "k.o."]
[EventRounds "7"]
[EventCountry "IND"]
[SourceTitle "CBM 081"]
[Source "ChessBase"]
[SourceDate "2001.03.20"]
[SourceVersion "1"]
[SourceVersionDate "2001.03.20"]
[SourceQuality "1"]

{[%mdl 36]} 1. d4 d5 2. c4 e6 3. Nf3 c6 4. Qc2 Nf6 5. Bg5 Nbd7 {Here White had to choose between two continuations:} {1.} 6. e3 ({and 2.} 6. Nbd2 {This move in most variations leads only to various moves order, but not always. After 6.e3 the  on g5 can't return back to the e1-a5 diagonal, and Black can use this factor and to build his counterplay on a5 and b4.} Be7 7. e3 ({Teske likes} 7. g3 {move:} O-O (7... b6 8. Bg2 Bb7 9. O-O Rc8 10. e4 dxe4 11. Nxe4 Nxe4 12. Bxe7 Qxe7 13. Qxe4 $14 {1-0 Teske,H-Mierbach,J/Chemnitz 1997/EXT 99 (33)}) 8. Bg2 h6 $1 {Right way to equalize position.} (8... b6 9. O-O Bb7 10. e4 dxe4 11. Nxe4 Nxe4 12. Bxe7 Qxe7 13. Qxe4 Nf6 14. Qe3 $14 {½-½ Teske,H-Nogly,C/Hamburg 1997/EXT 98 (49)}) 9. Bxf6 Bxf6 10. O-O e5 11. cxd5 cxd5 12. dxe5 Nxe5 13. Rfd1 Nxf3+ 14. Nxf3 Qb6 15. Rd2 Be6 16. Rad1 Rac8 17. Qb1 Rc4 $11 {1-0 Teske,H-Klinger,J/AUT-chT9596 1996/CBM 52 ext (44)}) 7... O-O (7... h6 8. Bh4 O-O 9. Bd3 dxc4 10. Qxc4 (10. Nxc4 $1 Bb4+ 11. Ke2 $14) 10... Nd5 11. Bg3 c5 12. O-O Nb4 13. Be4 cxd4 14. Bc7 Qe8 15. Nxd4 Nf6 16. Bf3 $14 {1-0 Galliamova,A-Lamprecht,F/Vienna 1996/CBM 53 ext (41)}) 8. Bd3 h6 (8... Re8 9. O-O h6 10. Bf4 c5 11. Rfd1 b6 12. e4 Bb7 13. cxd5 exd5 14. e5 Nh5 15. Be3 cxd4 16. Bxd4 Nf4 17. Bf1 Bf8 (17... Ne6 $132) 18. Nb3 Ne6 $11 {1-0 Srokowski,J-Elsen,M/GER 1996/EXT 2000 (30)}) (8... a5 $6 9. O-O b6 10. Ne5 $16 {[%csl Rh7][%cal Gd3h7] 1-0 Bukic,E-Raicevic,V/Borovo 1981/EXT 99 (28)}) 9. Bxf6 Bxf6 10. O-O dxc4 11. Nxc4 Qe7 12. e4 e5 $132 {½-½ Teske,H-Moise,A/Dresden 1997/EXT 98 (42)}) 6... Qa5+ ({Worth of attention is also} 6... h6 7. Bh4 {and now the best move seems 7...g5!} (7. Bxf6 Nxf6 $11 {}) 7... g5 $1 (7... Bd6 8. Nc3 Qa5 9. c5 Bb8 10. Rb1 e5 11. dxe5 Nxe5 12. Bxf6 Nxf3+ 13. gxf3 gxf6 14. b4 Qc7 15. Ne2 Qe7 $132 {1-0 Yermolinsky,A-Sevillano,E/San Francisco 1995/EXT 99 (58)}) (7... Bb4+ 8. Nc3 g5 9. Bg3 Ne4 10. Bd3 $14 {0-1 Fernandez Garcia,J-Barrios Canseco,S/Oropesa del Mar 1996/EXT 98 (45)}) (7... Qa5+ 8. Nc3 Ne4 (8... Bb4 9. Bd3 dxc4 10. Bxc4 Nd5 11. Rc1 N7b6 12. Bb3 $14 {1-0 Fernandes,A-Cordeiro,V/Lisboa 1998/EXT 99 (27)}) 9. Nd2 Nxd2 10. Qxd2 Bb4 $11 {½-½ Khenkin,I-Panchenko,A/Sochi 1989/CBM 16 (18)}) 8. Bg3 Ne4 9. Bd3 Nxg3 10. hxg3 Bg7 {0-1 Tratar,M-Laketic,G/Nova Gorica 1999/CBM 68 ext (50)}) (6... Bd6 7. Nbd2 h6 8. Bh4 O-O 9. Be2 e5 {-see commented game ½-½ Fominyh,A-Kobalija,M/Maikop 1998/CBM 66 (38)}) (6... Bb4+ 7. Nbd2 h6 8. Bh4 g5 9. Bg3 Ne4 10. Bd3 $14 (10. O-O-O $6 Nxg3 11. hxg3 g4 $132 {1-0 Nielsen,P-Ahlander,B/Sweden 1999/EXT 2000 (33)})) 7. Nbd2 Bb4 ({RR} 7... Ne4 8. cxd5 Nxg5 9. Nxg5 exd5 10. Bd3 Be7 11. Ngf3 h6 12. O-O O-O 13. a3 Qd8 14. b4 a5 15. b5 c5 16. dxc5 Nxc5 17. Bh7+ Kh8 18. Bf5 Bxf5 19. Qxf5 Qb6 20. Nd4 Bf6 21. Qxd5 Rad8 22. Nc4 {Bu,X (2714)-Korobov,A (2605) Beijing 2008 0-1 (72)}) ({RR} 7... Ne4 8. Bh4 Bb4 9. a3 Ndf6 10. Rc1 Nxd2 11. Nxd2 Be7 12. c5 Qd8 13. Bd3 h6 14. O-O O-O 15. f4 Nd7 16. Bg3 Bh4 17. Rf3 Bxg3 18. Rxg3 Qe7 19. Nf3 a5 20. b4 axb4 21. axb4 Ra3 22. Qb2 {Loboyko,F (1899)-Taran,E (1946) Moscow 2025 ½-½ (61)}) 8. a3 (8. Bd3 h6 (8... dxc4 9. Bxc4 Bxd2+ 10. Qxd2 Qxd2+ 11. Nxd2 O-O 12. O-O $14 {1-0 Pulcherio,C-Anfruns/Mar del Plata 1928/HCL (32)}) (8... Ne4 9. Bf4 Ndf6 10. Ke2 $1 $14) 9. Bf4 g5 10. Bg3 Nh5 $1 $132 (10... dxc4 11. Bxc4 g4 12. Ne5 $14)) (8. cxd5 exd5 $1 $132 {[%cal Gc8g4]} (8... cxd5 $6 $14 {1-0 Bordell Rosell,R-Rocabert,G/Barbera 1993/EXT 98 (22)})) 8... Ne4 9. Bf4 Nxd2 $146 ({Good counterplay for Black promises move} 9... g5 $1 10. Bg3 g4 (10... Nxg3 11. hxg3 g4 12. Nh2 f5 13. cxd5 cxd5 14. Rc1 Be7 15. Bd3 Nf6 16. Nhf1 Bd7 $11) 11. Rb1 $1 Bxa3 (11... Bf8 12. Ng1 Bg7 $132) 12. bxa3 gxf3 13. gxf3 Nxd2 14. Qxd2 Qxa3 $44) ({RR} 9... g5 10. Bg3 g4 11. O-O-O Bxa3 12. Nxe4 gxf3 13. Nd6+ Bxd6 14. Bxd6 b6 15. gxf3 Ba6 16. e4 dxc4 17. Bxc4 Bb5 18. Kb1 O-O-O 19. d5 exd5 20. Bxd5 Ba4 21. Bb3 Nc5 22. Bxa4 Qxa4 23. Bxc5 Qxc2+ 24. Kxc2 {Gretarsson,H (2470)-Ragnarsson,J (2103) Reykjavik 2012 1-0 (42)}) 10. Nxd2 dxc4 11. Rd1 {This move is connected with  sacrifice.} ({Or} 11. Bxc4 e5 12. dxe5 Nxe5 13. Bxe5 Bxd2+ 14. Qxd2 Qxe5 $11) 11... Bxd2+ 12. Rxd2 e5 {Black refuses to take material} ({after} 12... b5 13. Bd6 $44 {[%csl Re8]}) 13. dxe5 Nxe5 14. Bxe5 Qxe5 15. Bxc4 {...and equalizes position.} O-O 16. O-O Bf5 17. Bd3 Bxd3 18. Qxd3 Rae8 {White occupied the only open file - d-file- and maybe has very little advantage, but Black has no weaknesses. However, the struggle is continued...} 19. Rfd1 Re7 20. Qc4 h5 21. Rd4 g6 22. h4 Kg7 23. R1d2 Rfe8 24. g3 Rc7 $1 {Black prepares queenside  promotion.} 25. Kg2 b5 $5 {[%csl Rc6] Black promotes b-!} ({Right was also} 25... c5 26. Rd5 Qe4+ 27. Qxe4 Rxe4 $11 {and without  and weaknesses this position is drawn.}) 26. Qc2 Re6 27. Rd8 a5 28. R2d4 a4 29. Qd2 c5 30. Rf4 Rcc6 31. Qe2 {[%csl Rb5][%cal Ge2b5]} c4 $6 $14 {Creates unnecessary weakness on b5.} ({Why not} 31... Rb6 $132) 32. Rfd4 Rcd6 $2 $16 ({Right was only} 32... c3 $1 33. bxc3 Rxc3 34. R8d5 Qc7 35. Qxb5 Rxa3 36. Rxa4 {[%tqu "En","?","","","e6e3","",10,"a3a4","",0]} Rexe3 $3 (36... Rxa4 37. Qxa4 Qc6 38. Qd4+ $16) 37. fxe3 Qc2+ 38. Kh3 Rxa4 $11) 33. Qd2 Rxd8 34. Rxd8 Qe4+ 35. Kh2 Rf6 (35... Qe5 36. Rd5 Qb8 37. Qc3+ $16 {and White promotes kingside  - like in the game.}) 36. Rd4 Qe5 37. Kg2 Rf5 $2 $18 (37... Re6 38. e4 $18 {[%cal Gd2c3,Gf2f4]}) ({The last possibility of resistance was} 37... Qf5 $1 38. Qe2 (38. e4 Qf3+ 39. Kg1 Re6 40. Qc3 Rf6 41. Qd2 $11) (38. f4 Re6 $11) (38. Rf4 Qe5 39. Rd4 Qf5) 38... Re6 39. e4 Qe5 (39... Re8 40. Qe3 Qf6 41. Qc3 $16) 40. Qd2 Qf6 41. f4 $16) 38. Qc3 $1 {[%cal Gc3g7]} Rf6 39. e4 {White realises his plan.} Re6 40. f4 Qf6 41. Kf3 $1 {The white  take a long trip to the queenside- to attack b5 weakness!} Kh7 (41... Kg8 42. Rd5 Qxc3+ 43. bxc3 Rb6 44. Ke3 $18) (41... Re7 42. Rd5 $18) 42. Rd7 Kg7 43. Ke3 Rb6 (43... Qxc3+ 44. bxc3 Re8 45. Kd4 $18 {[%csl Rb5]}) 44. Kd2 $1 Qxc3+ 45. Kxc3 {White has absolutely winning position.} Kf6 46. Kb4 Ke6 47. Rd5 f5 48. Re5+ Kf6 49. exf5 gxf5 50. Rxb5 Re6 51. Kxa4 Re3 52. Kb4 Rxg3 53. a4 Rg4 54. a5 Rxf4 55. a6 c3+ 56. Kxc3 Ra4 57. Rb6+ Ke5 58. b4 f4 59. Rb5+ Kd6 60. Ra5 1-0